banner-ar

LA DEMOCRATIC DANS L'ECOLE: UNE PRATIQUE D'EXPRESSION DES ELEVES / (Record no. 16118)

MARC details
000 -الفاتح
حقل البيانات ثابتة الطول 00581nam a2200205Ia 4500
008 - عناصر البيانات ثابتة الطول - معلومات عامة
حقل البيانات ثابتة الطول 140319s9999 xx 000 0 eng d
040 ## - مصدر الفهرسة
وكالة الفهرسة الأصلية GCL /
وكالة النسخ GCL
082 04 - رقم تصنيف ديوى العشرى
رقم التصنيف 370.115
رقم المادة R D
100 1# - المدخل الرئيسى - إسم شخصى
الإسم الشخصى RUEFF - ESCOULBES, CLAIRE
245 10 - بيان العنوان
العنوان LA DEMOCRATIC DANS L'ECOLE: UNE PRATIQUE D'EXPRESSION DES ELEVES /
بيان المسئوليه,etc RUEFF - ESCOULBES, CLAIRE
700 1# - المدخل الاضافى - اسم شخصى
الإسم الشخصى MENDEL, GERARD
260 ## - PUBLICATION, DISTRIBUTION, ETC. (IMPRINT)
تاريخ النشر أو التوزيع 1997
300 ## - الوصف المادى
التعداد 237 P
650 04 - المدخل الاضافى بالموضوع-مصطلح موضوعى
مصطلح موضوعي PRACTICAL TEACHING
650 04 - المدخل الاضافى بالموضوع-مصطلح موضوعى
مصطلح موضوعي EDUCATION
650 04 - المدخل الاضافى بالموضوع-مصطلح موضوعى
مصطلح موضوعي SCHOOL PRACTICE
650 04 - المدخل الاضافى بالموضوع-مصطلح موضوعى
مصطلح موضوعي STUDENT GOVERNMENT
942 ## - عناصر المدخل الإضافي( كوها)
مصدر التصنيف او مخطط الترفيف Dewey Decimal Classification
Koha [default] item type كتاب
260 ## - PUBLICATION, DISTRIBUTION, ETC. (IMPRINT)
-- [S.N] :
-- SYROS ،
Holdings
حالة التراجع حالة الفقد حالة تلف ليس للاعارة المكان المؤقت الموقع الحالى تاريخ الاكتساب اجمالي اﻻعارات رقم الطلب الباركود تاريخ اخر مشاهدة تاريخ تفعيل السعر نوع وعاء كوها
        مكتبة القاهرة الكبرى مكتبة القاهرة الكبرى 03/26/2014   370.115\R D 29458 03/26/2014 03/26/2014 كتاب

Powered By

EGPV